<?xml version="1.0" encoding="UTF-8"?>
<record
    xmlns:xsi="http://www.w3.org/2001/XMLSchema-instance"
    xsi:schemaLocation="http://www.loc.gov/MARC21/slim http://www.loc.gov/standards/marcxml/schema/MARC21slim.xsd"
    xmlns="http://www.loc.gov/MARC21/slim">

  <leader>00598nam a22001577a 4500</leader>
  <datafield tag="999" ind1=" " ind2=" ">
    <subfield code="c">130905</subfield>
    <subfield code="d">130905</subfield>
  </datafield>
  <controlfield tag="005">20230606114634.0</controlfield>
  <controlfield tag="008">230606b           ||||| |||| 00| 0 eng d</controlfield>
  <datafield tag="040" ind1=" " ind2=" ">
    <subfield code="c">PK-LaUMT</subfield>
  </datafield>
  <datafield tag="082" ind1=" " ind2=" ">
    <subfield code="a">294.3</subfield>
    <subfield code="b">WEY-B</subfield>
  </datafield>
  <datafield tag="100" ind1=" " ind2=" ">
    <subfield code="a">Weyer, Robert Van De = &#x648;&#x6CC;&#x621;&#x631;&#x60C; &#x631;&#x628;&#x631;&#x679; &#x648;&#x6CC;&#x646; &#x688;&#x6CC;</subfield>
  </datafield>
  <datafield tag="245" ind1=" " ind2=" ">
    <subfield code="a">Budhmat : tareekh, aqaid, falsafa =  &#x628;&#x62F;&#x6BE; &#x645;&#x62A; : &#x62A;&#x627;&#x631;&#x6CC;&#x62E;&#x60C; &#x639;&#x642;&#x627;&#x621;&#x62F;&#x60C; &#x641;&#x644;&#x633;&#x641;&#x6C1; /</subfield>
    <subfield code="c">by Robert Van De Weyer =  &#x631;&#x627;&#x628;&#x631;&#x679; &#x648;&#x6CC;&#x646; &#x688;&#x6CC; &#x648;&#x6CC;&#x631;&#x657; ; translated by Malik Ashfaq = &#x645;&#x62A;&#x631;&#x62C;&#x645; &#x645;&#x644;&#x6A9; &#x627;&#x634;&#x641;&#x627;&#x642;</subfield>
  </datafield>
  <datafield tag="260" ind1=" " ind2=" ">
    <subfield code="a">Lahore :</subfield>
    <subfield code="b">Book Home,</subfield>
    <subfield code="c">2007</subfield>
  </datafield>
  <datafield tag="300" ind1=" " ind2=" ">
    <subfield code="a">192 p.</subfield>
  </datafield>
  <datafield tag="650" ind1=" " ind2=" ">
    <subfield code="a">Bhudism</subfield>
  </datafield>
  <datafield tag="942" ind1=" " ind2=" ">
    <subfield code="c">BK</subfield>
  </datafield>
  <datafield tag="952" ind1=" " ind2=" ">
    <subfield code="0">0</subfield>
    <subfield code="1">0</subfield>
    <subfield code="4">0</subfield>
    <subfield code="7">0</subfield>
    <subfield code="a">01</subfield>
    <subfield code="b">01</subfield>
    <subfield code="d">2023-06-06</subfield>
    <subfield code="l">0</subfield>
    <subfield code="o">294.3 WEY-B</subfield>
    <subfield code="p">145035</subfield>
    <subfield code="r">2023-06-06 00:00:00</subfield>
    <subfield code="w">2023-06-06</subfield>
    <subfield code="y">BK</subfield>
  </datafield>
</record>
